| 000 | 00534nam a2200193Ia 4500 | ||
|---|---|---|---|
| 003 | GCL | ||
| 008 | 140319s9999 xx 000 0 eng d | ||
| 040 |
_aGCL / _cGCL |
||
| 082 | 0 | 4 |
_a891.73 _bD D |
| 100 | 1 | _aDOSTOEVSKY, FYODOR | |
| 245 | 1 | 0 |
_aDREAM OF A RIDICULOUS MAN ANOTHER MAN'S WIFE A WEEK YOUNG GIRL / _cDOSTOEVSKY, FYODOR |
| 260 |
_a[S.N] : _bLINDSAY DRUMMOND ، _c1945 |
||
| 300 | _a92 P | ||
| 650 | 0 | 4 | _aLITERATURE |
| 650 | 0 | 4 | _aFICTION |
| 650 | 0 | 4 | _aRUSSIAN LITERATURE |
| 650 | 0 | 4 | _aRUSSIA - FICTION |
| 942 |
_2ddc _cBK |
||
| 999 |
_c11515 _d11515 |
||